00691nam a2200169 a 450000100100000000500170001000800410002704000250006808200150009311001080010824500380021626001010025430000270035504900090038295201130039199900170050400002981820200930055829.0110426s1987 dr a 000 0 spa d aDO-SdBNPbspacBNPHU axxxbR426t1 aRepública Dominicana.bSecretaría de Estado de Deportes, Educación Física y Recreación93699710aTécnica y tactica de balonmano. aSanto Domingo :bSecretaría de Estado de Deportes, Educación Física y Recreación,c1987. a11 p. :bil. ;c18 cm. aBNPD 0010718PDaPDbPDcHDd2011-04-26iLF1l0oxxx R426tp29818-10r2020-06-25w2020-06-25yLFPDZNo se presta c29310d29310